Capital Cities Transplanted to U.S.A. - Statistics

General Stats
  • This quiz has been taken 282 times
  • The average score is 3 of 20
Answer Stats
Hint Answer % Correct
Georgia 115,452 Athens
70%
California 945,942 San Jose
69%
Texas 25,171 Paris
40%
New York 33,725 Rome
23%
Idaho 23,800 Moscow
20%
Ohio 9,904 London
19%
Ohio 41,751 Dublin
14%
New Hampshire 10,051 Berlin
13%
Ohio 38,771 Lima
11%
New York 18,620 Amsterdam
8%
West Virginia 10,749 Vienna
8%
Georgia 9,607 Cairo
7%
Florida 36,484 Panama City
7%
Indiana 13,559 Warsaw
7%
Florida 56,508 Wellington
5%
Illinois 18,768 Ottawa
3%
Kentucky 29,098 Georgetown
2%
New York 23,893 Kingston
2%
California 36,590 Monrovia
2%
California 13,147 San Marino
1%
No matching quizzes found
Score Distribution
Percent of People with Each Score
Percentile by Number Answered
Your Score History
You have not taken this quiz